00830nam a22001577a 4500003000900000005001700009008004100026040001300067100006100080245013000141250000700271260002800278300002100306490001700327520032800344IT-RoPau20220918175938.0130114b xxu||||| |||| 00| 0 eng d cIT-RoPau aAlberione Santiago [Giacomo]qFondatore Famiglia Paolina aLa Eucarestia. Dios con nosotros.bAntología de textos del Beato Santiago Alberione acerca de la Eucarestía I Edición  aI  aAv. TaxquenabSSPc2004 a323 p.c19, 5 cm aSan PablovI a ÍNDICE Presentación Siglas empleadas en esta abra I. EL DON DE LA EUCARESTÍA II. LA SANTA MISA III. LA COMUNÍON IV. LA VISITA EUCARESTÍCA APÉNDICE I. APÉNDICE II. Oración